|
|
|
|
| LEADER |
02526nam a2200601 i 4500 |
| 001 |
nkc20162784109 |
| 003 |
CZ PrNK |
| 005 |
20160614084608.0 |
| 007 |
ta |
| 008 |
160314t20162016xr a e f 000 0 cze |
| 015 |
|
|
|a cnb002784109
|
| 020 |
|
|
|a 978-80-906224-4-9
|q (brožováno)
|
| 035 |
|
|
|a (OCoLC)953515534
|
| 040 |
|
|
|a BOA001
|b cze
|d ABA001
|e rda
|
| 072 |
|
7 |
|a 618
|x Gynekologie. Porodnictví
|2 Konspekt
|9 14
|
| 080 |
|
|
|a 618.1
|2 MRF
|
| 080 |
|
|
|a 316.346.2-055.2
|2 MRF
|
| 080 |
|
|
|a 613.99
|2 MRF
|
| 080 |
|
|
|a 316.344.6-056.36
|2 MRF
|
| 080 |
|
|
|a (036)
|2 MRF
|
| 100 |
1 |
|
|a Blažková, Anna
|7 mzk2011667714
|4 aut
|
| 245 |
1 |
0 |
|a Gynekologická prohlídka /
|c autoři textu a jazyková redakce: Anna Blažková ve spolupráci s Barborou Uhlířovou, Michaelou Stoklasovou, Pavlínou Mroczkowskou, Xenií Dočkálkovou a Janou Stejskalovou ; ilustrace a grafická úprava: Helena Neubertová
|
| 264 |
|
1 |
|a [Praha] :
|b Společnost pro podporu lidí s mentálním postižením v České republice, z.s.,
|c [2016]
|
| 264 |
|
4 |
|c ©2016
|
| 300 |
|
|
|a 35 stran :
|b barevné ilustrace ;
|c 15 x 21 cm
|
| 336 |
|
|
|a text
|b txt
|2 rdacontent
|
| 337 |
|
|
|a bez média
|b n
|2 rdamedia
|
| 338 |
|
|
|a svazek
|b nc
|2 rdacarrier
|
| 490 |
1 |
|
|a Už vím! : srozumitelně o těle a duši pro ženy s mentálním postižením
|
| 500 |
|
|
|a Název z obálky
|
| 650 |
0 |
7 |
|a gynekologie
|7 ph120631
|2 czenas
|
| 650 |
0 |
7 |
|a ženy
|7 ph127967
|2 czenas
|
| 650 |
0 |
7 |
|a zdraví a hygiena žen
|7 ph135124
|2 czenas
|
| 650 |
0 |
7 |
|a osoby s mentálním postižením
|7 ph115263
|2 czenas
|
| 650 |
0 |
9 |
|a gynecology
|2 eczenas
|
| 650 |
0 |
9 |
|a women
|2 eczenas
|
| 650 |
0 |
9 |
|a women's health and hygiene
|2 eczenas
|
| 650 |
0 |
9 |
|a people with mental disabilities
|2 eczenas
|
| 655 |
|
7 |
|a informační publikace
|7 fd132454
|2 czenas
|
| 655 |
|
9 |
|a information publications
|2 eczenas
|
| 700 |
1 |
|
|a Uhlířová, Barbora
|7 jo2016915394
|4 aut
|
| 700 |
1 |
|
|a Stoklasová, Michaela
|7 jo2016915389
|4 aut
|
| 700 |
1 |
|
|a Mroczkowská, Pavlína
|7 jo2016915388
|4 aut
|
| 700 |
1 |
|
|a Dočkálková, Xenie
|7 jo2016915398
|4 aut
|
| 700 |
1 |
|
|a Stejskalová, Jana
|7 ola2006340330
|4 aut
|
| 700 |
1 |
|
|a Neubertová, Helena,
|d 1977-
|7 xx0091876
|4 ill
|
| 830 |
|
0 |
|a Už vím!
|0 s
|
| 856 |
4 |
1 |
|u http://www.digitalniknihovna.cz/mzk/uuid/uuid:30e4d080-52e1-11e6-a5c5-005056827e51
|y Digitalizovaný dokument
|x NDK
|
| 910 |
2 |
|
|a BOA001
|b 2-1366.723
|
| 990 |
|
|
|a BK
|
| 995 |
|
|
|a 01
|
| 991 |
|
|
|b 201605
|c NOV
|
| 996 |
6 |
|
|b 2610670583
|c 2-1366.723
|l MZK
|r Sklad / do 1 hodiny
|n 1
|p p.v.
|w 001561671
|u 000010
|a 1
|e BOA001
|j MZK50
|s P
|